000 00615cam a22002177i 4500
020 _a9781319079451
020 _a1319079458
040 _cYDX
082 0 4 _a547 VOL 2018 A006 Or.
100 1 _aVollhardt, K. Peter C.,
245 1 0 _aOrganic chemistry :
_bstructure and function /
250 _a8e.
300 _axxxii, 1335, A-73, I-24 pages :
_billustrations (chiefly color) ;
_c29 cm
500 _aPrevious edition: 2014.
500 _aIncludes index.
650 0 _aChemistry, Organic
650 0 _aChemistry, Organic
650 7 _aChemistry, Organic.
700 1 _aSchore, Neil Eric,
942 _cAEDBB
999 _c20767
_d20767